Impulzná technika. 1 /

Gespeichert in:
Bibliographische Detailangaben
1. Verfasser: Kamenský, Ivan (Verfasst von)
Format: Buch
Sprache:Slowakisch
Veröffentlicht: Bratislava : SVŠT v Bratislave, 1977
Ausgabe:1.vyd.
Tags: Tag hinzufügen
Keine Tags, Fügen Sie das erste Tag hinzu!

MARC

LEADER 00000nam a22000003a 4500
001 stu9690
005 20150617225804.2
008 970509s1977----cs------------------slo-d
040 |a STU  |b slo 
041 0 |a slo 
044 |a cs 
100 1 |a Kamenský, Ivan  |4 aut 
245 1 |a Impulzná technika. 1 /  |c [aut.] Kamenský,Ivan 
250 |a 1.vyd. 
260 |a Bratislava :  |b SVŠT v Bratislave,  |c 1977 
300 |a 225 s 
996 |b E40077  |c E*40077  |l EE01  |s A  |a 24  |w stu9690_0001